000 00460nam a22001697a 4500
999 _c15706
_d15706
003 OSt
082 _a631.587
_bCHR/W
088 _aP 438
100 _aChris Irene
_94206
100 _aDeepthi S Nair
_94207
100 _aPraneeth Garg
_94208
100 _aShafeela Jasmin T P
_94209
245 _aWater audit of KCAET campus
260 _aTavanur
_bDepartment of Irrigation and Drainage engineering
_c2019
700 _aAnu Varghese (guide)
_94210
942 _cPR